000 02190nam a22003737a 4500
001 103237
003 KnowledgeUnlatched
005 20210303105039.0
006 m o d
007 cr u||||||||||
008 210129p20102019xx o u00| u ger d
037 _5BiblioBoard
245 0 0 _aZivile Sicherheit
_bGesellschaftliche Dimensionen gegenwärtiger Sicherheitspolitiken /
_cStefan Kaufmann, Peter Zoche, Rita Haverkamp.
020 _a9783839414354
029 1 _ahttps://library.biblioboard.com/ext/api/media/fe36eb49-702f-4719-9ecb-49be585d53ca/assets/thumbnail.jpg
040 _aScCtBLL
_cScCtBLL
506 0 _aAccess copy available to the general public.
_fUnrestricted
_2star
700 1 _aKaufmann, Stefan
_eeditor.
700 1 _aZoche, Peter
_eeditor.
700 1 _aHaverkamp, Rita
_eeditor.
264 1 _btranscript Verlag,
300 _a1 online resource (351 p.)
520 _aTerrorismus, Kriminalität oder Katastrophen - Gefährdungen, Bedrohungen und Risiken heterogener Herkunft werden zunehmend 'auf einer Linie' gedacht. Diese unter dem Schlagwort "Zivile Sicherheit" firmierende Rationalität ist zu einem Kernkonzept sicherheitspolitischer Strategie avanciert. Der Band nimmt Fragen nach den Voraussetzungen, Bedeutungen und Folgen dieser Sicherheitsstrategie auf. Aus unterschiedlichen disziplinären Perspektiven werden grundlegende Aspekte der Konstitution und des Wandels im Sicherheitsbewusstsein, der Transformation der Sicherheitsarchitektur sowie der Ambivalenzen einer Technisierung von Sicherheit dargelegt und kritisch diskutiert.
588 0 _aDescription based on print version record.
590 _aKU Open Services
650 7 _aPolitical Science
_2bisacsh
650 0 _aPolitical science
655 0 _aElectronic books.
758 _iIs found in:
_aKnowledge Unlatched
_1https://openresearchlibrary.org/module/2774bc74-146a-484f-a7ba-ab1d6a09bbfb
856 4 0 _uhttps://openresearchlibrary.org/content/fe36eb49-702f-4719-9ecb-49be585d53ca
_zView this content on Open Research Library.
_70
999 _c33387
_d33387